| 000 | 01327nac a22003131u 4500 | ||
|---|---|---|---|
| 008 | 130129s1997 enkill | |||| 001 0 eng d | ||
| 010 | _a 96009518 | ||
| 020 | _a0521561272 : | ||
| 082 | 0 | 0 |
_a523.20223 _bGRE _222 |
| 100 |
_aGreeley, Ronald. _932118 |
||
| 245 | 1 | 4 |
_aThe NASA atlas of the Solar System / _cRonald Greeley, Raymond Batson. |
| 246 | 3 | 0 | _aAtlas of the solar system |
| 260 |
_aCambridge [England] ; _aNew York : _bCambridge University Press,1997. _c1997. |
||
| 300 |
_a1 atlas (369 p.) : _bcol. ill., col. maps ; _c46 cm. |
||
| 500 | _aMaps created by the Astrogeology branch of the U.S. Geological Survey. | ||
| 500 | _aDistributer: Al-Ahram | ||
| 504 | _aIncludes gazetteer, index and bibliographical references. | ||
| 511 | _aCatalogued by: Sara | ||
| 650 | 0 |
_aPlanets _xMaps. _932119 |
|
| 651 | 0 |
_aSolar system _xMaps. _932120 |
|
| 700 | 1 |
_aBatson, Raymond M. _932121 |
|
| 710 | 2 |
_aGeological Survey (U.S.). _bBranch of Astrogeology. _932122 |
|
| 856 | 4 | 2 |
_3Publisher description _uhttp://www.loc.gov/catdir/description/cam027/96009518.html |
| 856 | 4 | 2 |
_3Table of contents _uhttp://www.loc.gov/catdir/toc/cam021/96009518.html |
| 942 |
_cNB _k523.20223 GRE _2ddc _hRDA-MOD |
||
| 999 |
_c8550 _d8550 |
||
| 336 |
_2rdacontent _atext _btxt |
||
| 337 |
_aunmediated _2rdamedia _bn |
||
| 338 |
_avolume _bnc _2rdacarrier |
||